000 00280nam a2200121 a 4500
008 110107s1962|||| d
245 1 0 _aKrok vpred, dva kroky vzad
100 1 _aLenin, V. I.
260 _bVPL
_aBratislava
_c1962
020 _c20
044 _axo
_cSK
041 _aslo
999 _c15557
_d15557